Logo BPK

Biblioteka

Politechniki Koszalińskiej

XIII Krajowa Konferencja Mechaniki Płynów : (Rekord nr 37820)

Szczegóły MARC
000 -ETYKIETA REKORDU
podpole kontrolne o stałej długości 01464nam a2200361 i 4500
001 - NUMER KONTROLNY REKORDU
pole kontrolne bg
020 ## - MIĘDZYNARODOWY ZNORMALIZOWANY NUMER KSIĄŻKI - ISBN
ISBN 8371930429 (t. 1)
020 ## - MIĘDZYNARODOWY ZNORMALIZOWANY NUMER KSIĄŻKI - ISBN
ISBN 8371930437 (t. 2)
020 ## - MIĘDZYNARODOWY ZNORMALIZOWANY NUMER KSIĄŻKI - ISBN
ISBN 8371930410 (całość)
040 ## - ŹRÓDŁO KATALOGOWANIA
Instytucja, która utworzyła rekord BPK
041 0# - KOD JĘZYKA
Kod języka tekstu pl
Kod języka streszczenia lub abstraktu en
080 ## - UNIWERSALNA KLASYFIKACJA DZIESIĘTNA - UKD
UKD 532(061)
920 ## - Międzynarodowy znormalizowany numer książki – ISBN
ISBN 83-7193-042-9 (t. 1)
920 ## - Międzynarodowy znormalizowany numer książki – ISBN
ISBN 83-7193-043-7 (t. 2)
920 ## - Międzynarodowy znormalizowany numer książki – ISBN
ISBN 83-7193-041-0 (całość)
008 - POLE O STAŁEJ DŁUGOŚCI - DANE KONTROLNE
podpole kontrolne o stałej długości s pl f |000 0 pol
111 2# - NAZWA IMPREZY
Nazwa imprezy Krajowa Konferencja Mechaniki Płynów
Oznaczenie części/sekcji/imprezy (13 ;
Data imprezy 1998 ;
Miejsce imprezy Częstochowa).
245 05 - TYTUŁ/ODPOWIEDZIALNOŚĆ
Tytuł XIII Krajowa Konferencja Mechaniki Płynów :
Ciąg dalszy tytułu Częstochowa, 21-26 września 1998.
Oznaczenie części/sekcji dzieła T. 2 /
Pozostałe elementy strefy tytułu i oznaczenia odpowiedzialności [red. Anita Nowakowska, Zdzisława Tasarz, Lucyna Żyła ; Polska Akademia Nauk. Komitet Mechaniki. Sekcja Mechaniki Płynów, Politechnika Częstochowska. Instytut Maszyn Cieplnych].
260 ## - STREFA ADRESU WYDAWNICZEGO
Miejsce wydania Częstochowa :
Nazwa wydawcy/dystrybutora Wydaw. PC,
Data publikacji, dystrybucji/powstania dokumentu 1998.
300 ## - STREFA OPISU FIZYCZNEGO
Objętość 324 s. :
Inne cechy fizyczne fot., rys., wykr. ;
Rozmiary 24 cm.
490 1# - STREFA SERII I DOKUMENTU WIELOCZĘŚCIOWEGO - FORMA NIE DO WYSZUKIWANIA
Tytuł i oznaczenie odpowiedzialności serii Konferencje / Politechnika Częstochowska,
ISSN 1234-9895 ;
Numeracja w obrębie serii 27
500 ## - UWAGI OGÓLNE
Tekst uwagi Streszcz. ang. przy ref.
504 ## - UWAGA DOTYCZĄCA BIBLIOGRAFII
Informacje o bibliografii Bibliogr. przy ref.
650 #9 - HASŁO PRZEDMIOTOWE W FORMIE NAZWY OGÓLNEJ LUB JEDNOSTKOWEJ
Nazwa ogólna lub geograficzna Mechanika płynów
655 ## - TERMIN INDEKSOWY - OKREŚLENIE RODZAJU/FORMY DOKUMENTU
Określenie rodzaju/formy dokumentu Materiały konferencyjne
700 1# - HASŁO DODATKOWE - NAZWA OSOBOWA
Nazwa osobowa Nowakowska, Anita.
Określenie związku między hasłem a opisywanym materiałem Red.
700 1# - HASŁO DODATKOWE - NAZWA OSOBOWA
Nazwa osobowa Tasarz, Zdzisława.
Określenie związku między hasłem a opisywanym materiałem Red.
700 1# - HASŁO DODATKOWE - NAZWA OSOBOWA
Nazwa osobowa Żyła, Lucyna.
Określenie związku między hasłem a opisywanym materiałem Red.
710 #0 - HASŁO DODATKOWE - NAZWA CIAŁA ZBIOROWEGO
Nazwa ciała zbiorowego lub jednostki geograficznej Polska Akademia Nauk
Nazwa jednostki podrzędnej Sekcja Mechaniki Płynów
710 #0 - HASŁO DODATKOWE - NAZWA CIAŁA ZBIOROWEGO
Nazwa ciała zbiorowego lub jednostki geograficznej Politechnika Częstochowska
Nazwa jednostki podrzędnej Instytut Maszyn Cieplnych
830 #0 - HASŁO DODATKOWE SERII LUB DOKUMENTU WIELOCZĘŚCIOWEGO - TYTUŁ UJEDNOLICONY
Tytuł ujednolicony Konferencje (Politechnika Częstochowska) ;
Oznaczenie tomu 27
856 ## - LOKALIZACJA I DOSTĘP DO ELEKTRONICZNYCH DOKUMENTÓW ZDALNYCH
Link (URL) http://koha.tu.koszalin.pl/cgi-bin/koha/opac-detail.pl?biblionumber=37820
Tekst linku Katalog online BPK
942 ## - DODATKOWE ELEMENTY (KOHA)
Typ dokumentu Książka
Egzemplarze
Wycofany Status egzemplarza Uszkodzony Dostępność Lokalizacja stała Lokalizacja bieżąca Miejsce przechowywania Sygnatura Kod kreskowy Typ dokumentu
      Dostępny Biblioteka Politechniki Koszalińskiej Biblioteka Politechniki Koszalińskiej Wypożyczalnia BG 54225 01509243 Książka
© 2023 Biblioteka Politechniki Koszalińskiej :: KOHA